Größte Städte in Schleswig-Holstein nach Buchstabe - Statistiken

Allgemein
  • Dieses Quiz wurde 67 mal gespielt
  • Das Durchschnittsergebnis liegt bei 10 aus 24
Antwortstatistiken
Hint Antwort % Korrekt
F Flensburg
100%
K Kiel
100%
L Lübeck
98%
N Norderstedt
75%
I Itzehoe
68%
R Rendsburg
64%
E Elmshorn
63%
P Pinneberg
63%
S Schleswig
55%
A Ahrensburg
52%
Q Quickborn
45%
B Bad Oldesloe
41%
W Wedel
39%
M Mölln
34%
G Geesthacht
25%
U Uetersen
20%
H Henstedt-Ulzburg
14%
T Tornesch
11%
J Jevenstedt
2%
V Viöl
2%
C Christiansholm
0%
D Dänischenhagen
0%
O Oldenburg in Holstein
0%
Z Zarpen
0%
Keine übereinstimmenden Quizze gefunden
Verteilung der Resultate
Anzahl Personen mit jedem Resultat
Perzentil nach korrekt beantworteten Fragen
Ihre Resultats-Entwicklung
Sie haben dieses Quiz noch nicht gespielt